| 000 | 01006cam a2200337 4500 | ||
|---|---|---|---|
| 001 | J83126 | ||
| 008 | 090401t1999 xxu||||| |||| 00| 0 eng d | ||
| 035 | _a(Sirsi) u77493 | ||
| 041 | _aeng | ||
| 050 | _a692.5 | ||
| 110 |
_aUnited Kingdom _bDepartment of the Environment _9982 |
||
| 245 | _aPublic sector construction works quarterly building price and cost indices. - 1997 - 1999 | ||
| 260 |
_aLondon _bConstruction Research Communications Ltd _c1997-1999 |
||
| 300 | _a1 vol. ; 30cm. | ||
| 350 | _a0 | ||
| 520 | _a1 bound volume. | ||
| 650 | _aAPSAB INDEX | ||
| 650 | _aBUILT ENVIRONMENT-BUILDING COSTS | ||
| 650 | _aFORVOP INDEX | ||
| 650 | _aOUTPUT INDEX | ||
| 650 | _aPIPSH INDEX | ||
| 650 | _aPUBLIC SECTOR CONSTRUCTION WORKS | ||
| 650 | _aPUBSEC INDEX | ||
| 650 | _aBUILT ENVIRONMENT-QUANTITY SURVEYING | ||
| 650 | _aROADCON INDEX | ||
| 650 | _aSTATISTICS | ||
| 650 | _aTENDER PRICES | ||
| 690 | _aBUILT ENVIRONMENT-BUILDING COSTS | ||
| 942 | _n0 | ||
| 948 | _c01/04/1997 | ||
| 999 |
_c96317 _d96317 |
||